[Event "AUTO-INT-490"]
[Site "http://www.queenalice.com/game.php?id=225048"]
[Date "2007.6.14"]
[Round "1"]
[White "allynne_12"]
[Black "El_Guapo"]
[Result "0-1"]
[WhiteElo "1449"]
[BlackElo "1692"]

1. e4 e5 2. Nf3 Nc6 3. c3 Nf6 4. Qc2 d5 5. d3 Bc5 6. h3 dxe4 7. dxe4 O-O 8. Bb5
Be6 9. Bxc6 bxc6 10. O-O Nh5 11. Nxe5 Qf6 12. Nxc6 Bc4 13. Nd4 Bxf1 14. Kxf1
Rfe8 15. Be3 Ng3+ 16. Kg1 Nxe4 17. b4 Bd6 18. Nd2 Nxd2 19. Qxd2 Qe5 20. Nf3 Qf5
21. a4 Qf6 22. Bd4 Bf4 23. Bxf6 Bxd2 24. Bxg7 Re2 25. Bd4 Bf4 26. g3 Bd6 0-1

[Event "AUTO-OPEN-699"]
[Site "http://www.queenalice.com/game.php?id=225246"]
[Date "2007.6.15"]
[Round "1"]
[White "JManoel"]
[Black "El_Guapo"]
[Result "0-1"]
[WhiteElo "1712"]
[BlackElo "1667"]

1. d4 d5 2. c4 e6 3. Nc3 c6 4. e4 Nf6 5. e5 Ne4 6. Nxe4 dxe4 7. f3 Bb4+ 8. Bd2
c5 9. Bxb4 cxb4 10. d5 exd5 11. Qxd5 O-O 12. Qxe4 Re8 13. Bd3 Nc6 14. Qxh7+ Kf8
15. f4 Bg4 16. Be4 Qd4 17. Bxc6 bxc6 0-1

[Event "AUTO-OPEN-699"]
[Site "http://www.queenalice.com/game.php?id=225247"]
[Date "2007.6.15"]
[Round "1"]
[White "El_Guapo"]
[Black "JManoel"]
[Result "1-0"]
[WhiteElo "1648"]
[BlackElo "1731"]

1. e4 c5 2. Nf3 d6 3. Bb5+ Nd7 4. d4 Nf6 5. Nc3 cxd4 6. Qxd4 e5 7. Qd3 Be7 8.
Bg5 O-O 9. O-O-O a6 10. Bc4 b5 11. Bb3 Nc5 12. Qe2 Bb7 13. Nd5 Nxb3+ 14. axb3
Nxd5 15. exd5 Bxg5+ 16. Nxg5 Qxg5+ 17. Kb1 1-0

[Event "AUTO-OPEN-699"]
[Site "http://www.queenalice.com/game.php?id=225270"]
[Date "2007.6.15"]
[Round "1"]
[White "El_Guapo"]
[Black "Jac"]
[Result "1-0"]
[WhiteElo "1624"]
[BlackElo "1664"]

1. e4 e5 2. Nf3 d6 3. d4 Nc6 4. Bb5 Bd7 5. Nc3 exd4 6. Nxd4 Nxd4 7. Qxd4 Qe7 8.
Bf4 Nf6 9. Bc4 c5 10. Qd2 Nxe4 11. Nxe4 Qxe4+ 12. Be2 Bb5 13. O-O-O Bxe2 14.
Rde1 Qxg2 15. Qxe2+ Kd7 16. Qb5+ Qc6 17. Qc4 d5 18. Qd3 Bd6 19. Qf5+ Kc7 20.
Qxf7+ Kb6 21. Bxd6 Rhf8 22. Bxf8 Kb5 23. Bxg7 1-0

[Event "AUTO-OPEN-699"]
[Site "http://www.queenalice.com/game.php?id=225271"]
[Date "2007.6.15"]
[Round "1"]
[White "Jac"]
[Black "El_Guapo"]
[Result "0-1"]
[WhiteElo "1657"]
[BlackElo "1698"]

1. e4 e5 2. Nf3 Nc6 3. Bb5 Nf6 4. Nc3 Bd6 5. Bxc6 dxc6 6. O-O Bg4 7. d3 Qd7 8.
Bg5 O-O-O 9. Qe2 h6 10. Bxf6 gxf6 11. h3 Bh5 12. Qe3 Rdg8 13. Kh1 Rg7 14. a4 f5
15. Qxa7 Qd8 16. Qa8+ Kd7 17. Qxb7 Qb8 18. Qxb8 Rxb8 19. b3 Ke6 20. Nh4 fxe4 21.
Nxe4 Be7 22. Nf3 f5 23. Ng3 Bf7 24. Rae1 Bd6 25. d4 e4 26. Re3 c5 27. Re2 Rbg8
28. dxc5 Bxc5 29. Nh2 Bd6 30. Rg1 Kf6 31. c4 Rg5 32. Rb1 Bc5 33. b4 Bxc4 34.
Ree1 Bxf2 35. Nxe4+ fxe4 36. Ng4+ Rxg4 37. hxg4 Bxe1 38. Rxe1 Rxg4 39. b5 Ke5
40. Kh2 Rg8 41. Kh3 Ra8 42. Kh4 Bf7 43. g4 Rxa4 44. Rc1 Ra7 45. Kg3 Be8 46. Rh1
Bxb5 47. Rh5+ Kd4 48. Rxb5 Ra6 49. Kf4 c5 50. Rb7 c4 51. Rd7+ Kc5 52. Kxe4 Re6+
53. Kf5 Ra6 54. Ke5 Rg6 55. Rc7+ Kb4 56. Rh7 c3 57. Kf4 c2 58. Rb7+ Kc3 59. Rc7+
Kd2 60. Rd7+ Kc1 61. Rb7 Kd1 62. Rd7+ Kc1 63. Rd5 Rb6 0-1

[Event "Jonas Franz"]
[Site "http://www.queenalice.com/game.php?id=231581"]
[Date "2007.6.27"]
[Round "1"]
[White "Alejandrito"]
[Black "El_Guapo"]
[Result "0-1"]
[WhiteElo "1650"]
[BlackElo "1604"]

1. e4 e5 2. Nf3 Nc6 3. Bc4 Bc5 4. c3 Nf6 5. d4 Bb6 6. Ng5 d5 7. exd5 Nxd5 8. O-O
h6 9. Qh5 g6 10. Qh4 Be6 11. Qg3 hxg5 12. Bxg5 f6 13. Be3 Qd7 14. Qxg6+ Bf7 15.
Qg7 O-O-O 16. Bxd5 Bxd5 17. Qxd7+ Rxd7 18. Na3 Rg7 19. g3 exd4 20. cxd4 Nxd4 21.
Bxd4 Bxd4 22. Rad1 Rg4 23. Nb5 Bc4 0-1

[Event "Jonas Franz"]
[Site "http://www.queenalice.com/game.php?id=252770"]
[Date "2007.8.8"]
[Round "2"]
[White "El_Guapo"]
[Black "shady66"]
[Result "1-0"]
[WhiteElo "1642"]
[BlackElo "1381"]

1. e4 e5 2. Nf3 Nc6 3. Bb5 a6 4. Bxc6 bxc6 5. Nc3 f6 6. d4 d6 7. Be3 h6 8. Qe2
Bb7 9. O-O-O Ne7 10. dxe5 f5 11. exd6 cxd6 12. Bf4 g5 13. Bxd6 Qb6 14. exf5
O-O-O 15. Qe6+ Rd7 16. Ne5 Qd8 17. Nxd7 Qxd7 18. Qf6 Qxf5 19. Qxh8 1-0

[Event "Jonas Franz"]
[Site "http://www.queenalice.com/game.php?id=293017"]
[Date "2007.10.25"]
[Round "3"]
[White "pollo"]
[Black "El_Guapo"]
[Result "0-1"]
[WhiteElo "1679"]
[BlackElo "1720"]

1. d4 d5 2. Nf3 Nc6 3. Qd2 Nf6 4. e3 Bf5 5. Bb5 e6 6. Ne5 Nd7 7. Bxc6 bxc6 8.
Nxc6 Qg5 9. g3 Qf6 10. Nc3 Bd6 11. Nb5 O-O 12. f3 e5 13. g4 Bg6 14. Qa5 Qxf3 15.
Rf1 Qxg4 16. Nxc7 Rac8 17. dxe5 Bxc7 18. Qxa7 Qh4+ 19. Rf2 Nxe5 20. Nxe5 Bxe5
21. e4 Bxe4 22. Qe3 Bxh2 23. Kd2 Bg1 24. Rh2 Rxc2+ 25. Kd1 Qg4+ 26. Re2 Bxe3 0-1

[Event "Jonas Franz"]
[Site "http://www.queenalice.com/game.php?id=385134"]
[Date "2008.4.10"]
[Round "4"]
[White "El_Guapo"]
[Black "cristal_negro"]
[Result "1-0"]
[WhiteElo "1704"]
[BlackElo "1686"]

1. e4 e5 2. Nf3 d6 3. d4 Bg4 4. Bb5+ c6 5. Bc4 d5 6. exd5 exd4 7. Qxd4 Bxf3 8.
gxf3 Nf6 9. Nc3 Bd6 10. dxc6 Nxc6 11. Qd3 O-O 12. Bg5 Ne5 13. Qf5 Nxc4 14. O-O-O
Nxb2 15. Kxb2 Qb6+ 16. Nb5 1-0

[Event "Challenge"]
[Site "http://www.queenalice.com/game.php?id=430188"]
[Date "2008.7.9"]
[Round "-"]
[White "Danilo"]
[Black "El_Guapo"]
[Result "1-0"]
[WhiteElo "1765"]
[BlackElo "1736"]

1. e4 e5 2. Nf3 Nc6 3. Bc4 Bc5 4. d3 d6 5. a3 Nf6 6. Ng5 d5 7. exd5 Nxd5 8. Qf3
Be6 9. Nc3 Nd4 10. Qd1 Nf4 11. Bxf4 exf4 12. Nxe6 fxe6 13. Bb3 Nxb3 14. cxb3 Qh4
15. O-O 1-0